000 00748nam a2200253 4500
001 10098
003 ES-MaACL
005 20230906145822.0
008 950209s1994 sp aco ||||1|bspa d
020 _a84-233-2410-9
080 _a929 Faulkner, William
100 1 _aBlotner, Joseph.
_929570
245 1 0 _aFaulkner
_b: una biografía /
_cJoseph Blotner.
250 _a1ª ed.
260 _aBarcelona :
_bDestino,
_c1994.
300 _a2 v. :
_b[48] p. de fot. ;
_c21 cm.
490 1 _aLetras/Destino ;
_v18-19
500 _aÍndices.
600 1 4 _aFaulkner, William-
_xBiografías.
_948950
830 0 _aLetras/Destino ;
_v18-19
_9228096
852 _aES-MaACL
_jL-17586-87
852 _aES-MaACL
_jL-17787-88
999 _c10098
_d10098